| 000 | 00416cam a2200181ua 4500 | ||
|---|---|---|---|
| 020 | _c2.50 | ||
| 041 |
_aeng _h |
||
| 082 |
_a150.1 _bBOA/EL |
||
| 100 | _aBoaz, G.D . | ||
| 245 |
_aElements of psychology / _cG.D.Boaz. _hTextual Documents |
||
| 250 |
_a1 / _b. |
||
| 260 |
_aMadras : _bS.Viswanathan , _c1965. |
||
| 300 | _a188 ; . | ||
| 365 | _a2.50 | ||
| 504 | _a | ||
| 942 | _cBK | ||
| 999 |
_c2511 _d2511 |
||